00430nam a2200157Ia 4500008004100000020001500041082001200056100002300068245004300091250000800134260004000142300002600182500001900208600003300227650001200260240925s9999 xx 000 0 und d a1572594926 a530 TIP aTipler ,Paul A. 0aPhysics: for scienctists and engineers a4th aNew York:bWorth Publishersc,1999. axxv,484p.b3fPirated aIncludes Index aHumanities & Natural Science aPhysics